00940nam2a22002051 4500001001100000005001700011021001900028035002600047100004100073101000800114102000700122105001800129200001000147210003400157215001100191461047300202801001800675801002200693852001900715rc\492946420250613042413.0 aRUb[59-66442] a(NLR Aleph) 008944948 a20130426d1959 |||y0rusy50 ca0 arus aRU ay z |||||0 a№ 7 a[Москва]cБ. и.d1959 a14 с. 01001rc\492945712001#$aБюллетень$e№ 1-7$fТретья сессия Верховного Совета СССР пятого созыва. Совет Союза$v№ 7aСССР. Верховный Совет. Созыв (5). Сессия (3). Совет Союзаc[Москва]d1959fТретья сессия Верховного Совета СССР пятого созыва. Совет СоюзаnБ. и.o№ 1-7p7 т.tБюллетеньv№ 7 0aRUbNLRgpsbo 1aRUbELAR2rusmarc aNLRj59-6/9360